000 00796nam a22001337a 4500
040 _cRUA
082 _aAGR PON 2009 B039 Or.1
100 _aPONG, SAMNANG
245 _aComparison of different organic fertilizer on yard long bean at crop station of royal university of agriculture,(ការប្រៀបធៀបជីធម្មជាតិប្រភេទផ្សេងៗគ្នាទៅលើដំណាំសណ្តែកគួរនៅក្នុងស្ថានីយ៍ពិសោធន៍ដំណាំនៃសាកលវិទ្យាល័យភូមិន្ទកសិកម្ម)
260 _aPhnom penh
_bRUA
_c2009
300 _axi, 46p
_bill
_c29cm
856 _uhttps://drive.google.com/file/d/12eDu8UuYRSy38weE0LmOE3P2vA7wFhg-/view?usp=sharing
942 _cAGR
999 _c989
_d989